000
00232nam a22000857a 4500
020
_a
9780750656474
100
_a
Paterson Jane
245
_a
Teaching Pilates For postural Faults,Illness and Injury : A Practical
260
_b
Elsevier
_c
2009
999
_c
64060
_d
64060